Community character : principles for design and planning /

Bibliographic Details
Main Author: Kendig, Lane
Other Authors: Keast, Bret C.
Format: Book
Language:English
Published: Washington, DC : Island Press, [2010]
Subjects:

MARC

Tag First Indicator Second Indicator Subfields
LEADER 00000cam a2200000 a 4500
001 in00002602467
005 20151201155243.0
008 100104s2010 dcua b 001 0 eng
010 |a  2009050777 
020 |a 9781597266956 (cloth : alk. paper) 
020 |a 1597266957 (cloth : alk. paper) 
020 |a 9781597266963 (pbk. : alk. paper) 
020 |a 1597266965 (pbk. : alk. paper) 
035 |a (OCoLC)ocn496964251 
035 |a (OCoLC)496964251 
040 |a DLC  |c DLC  |d BTCTA  |d YDXCP  |d C#P  |d BWX  |d UtOrBLW 
049 |a TXAM 
050 0 0 |a HN49.C6  |b K457 2010 
082 0 0 |a 307.1/2  |2 22 
100 1 |a Kendig, Lane. 
245 1 0 |a Community character :  |b principles for design and planning /  |c Lane H. Kendig, with Bret C. Keast. 
264 1 |a Washington, DC :  |b Island Press,  |c [2010] 
264 4 |c ©2010 
300 |a xi, 187 pages :  |b illustrations ;  |c 26 cm. 
336 |a text  |b txt  |2 rdacontent 
337 |a unmediated  |b n  |2 rdamedia 
338 |a volume  |b nc  |2 rdacarrier 
504 |a Includes bibliographical references and index. 
505 0 |a The designer's lexicon -- Community state, context, and scale -- Community character classes and types -- Community and regional forms -- Community character measurement -- Conclusion. 
650 0 |a Community development  |x Planning. 
650 0 |a Rural development  |x Planning. 
700 1 |a Keast, Bret C. 
938 |a Baker and Taylor  |b BTCP  |n BK0008715015 
938 |a Blackwell Book Service  |b BBUS  |n R6858885  |c $80.00 
938 |a YBP Library Services  |b YANK  |n 3165402 
945 |a PromptCat  |b 77008 
946 |a stk 
947 |a A14839719421 
994 |a 92  |b TXA 
948 |a Cataloged  |b h  |c 2010/9/24  |d c  |e ibarton 
999 |a MARS 
999 f f |s 1b9f4413-b6c8-3b29-b737-c2dccd6a4047  |i c67616ab-bec8-3203-8053-b45311f7aa9e  |t 0 
952 f f |p normal  |a Texas A&M University  |b College Station  |c Sterling C. Evans Library  |d Evans: Library Stacks  |t 0  |e HN49.C6 K457 2010  |h Library of Congress classification  |i unmediated -- volume  |m A14839719421 
998 f f |a HN49.C6 K457 2010  |t 0  |l Evans: Library Stacks